Successful writing at work / (رقم التسجيلة. 35074)
[ عرض عادي ]
| 000 -الفاتح | |
|---|---|
| حقل البيانات ثابتة الطول | 00777nam a22002417a 4500 |
| 003 - محدد رقم الضبط | |
| رقم الضبط | OSt |
| 005 - وقت وتاريخ اخر تعامل مع التسجيلة | |
| رقم الضبط | 20150408114218.0 |
| 008 - عناصر البيانات ثابتة الطول - معلومات عامة | |
| حقل البيانات ثابتة الطول | 140515s2013 maua g b 001 0 eng d |
| 020 ## - الرقم الدولى المعيارى للكتب | |
| الرقم الدولى المعيارى للكتاب | 9781111834821 |
| 040 ## - مصدر الفهرسة | |
| وكالة الفهرسة الأصلية | Ma-Un |
| 082 00 - رقم تصنيف ديوى العشرى | |
| رقم الطبعة | 22 |
| رقم التصنيف | 808.042 |
| رقم المادة | KPS |
| 245 10 - بيان العنوان | |
| العنوان | Successful writing at work / |
| بيان المسئوليه,etc | Philip C. Kolin. |
| 250 ## - بيان الطبعة | |
| بيان الطبعة | 10th ed, International edition. |
| 260 ## - PUBLICATION, DISTRIBUTION, ETC. (IMPRINT) | |
| مكان الناشر او الموزع | Boston, MA : |
| اسم الناشر او الموزع | Wadsworth Cengage Learning, |
| تاريخ النشر أو التوزيع | 2013 |
| 300 ## - الوصف المادى | |
| التعداد | xxvii, 748, [39] p. : |
| تفاصيل ماديه اخرى للوعاء | ill. ; |
| أبعاد الوعاء | 24 cm. |
| 500 ## - تبصرة عامة | |
| تبصرة عامة | Includes bibliographical references and index. |
| 650 ## - المدخل الاضافى بالموضوع-مصطلح موضوعى | |
| مصطلح موضوعي أو اسم جغرافي كعنصر مدخل | English language |
| التقسيم الفرعي العام | Rhetoric |
| 650 ## - المدخل الاضافى بالموضوع-مصطلح موضوعى | |
| مصطلح موضوعي أو اسم جغرافي كعنصر مدخل | English language |
| التقسيم الفرعي العام | Business English |
| 650 ## - المدخل الاضافى بالموضوع-مصطلح موضوعى | |
| مصطلح موضوعي أو اسم جغرافي كعنصر مدخل | English language |
| التقسيم الفرعي العام | Technical English |
| 650 ## - المدخل الاضافى بالموضوع-مصطلح موضوعى | |
| مصطلح موضوعي أو اسم جغرافي كعنصر مدخل | Technical writing |
| 650 ## - المدخل الاضافى بالموضوع-مصطلح موضوعى | |
| مصطلح موضوعي أو اسم جغرافي كعنصر مدخل | Business writing |
| 9 (RLIN) | 15117 |
| 942 ## - عناصر المدخل الإضافي( كوها) | |
| مصدر التصنيف او مخطط الترفيف | Dewey Decimal Classification |
| Koha [default] item type | كتاب |
| حالة الفقد | نموذج السعر الفعال | حالة تلف | ليس للاعارة | رقم الطلب | رقم النسخة | تاريخ الاكتساب | مصدر التزويد | الموقع الحالي | الباركود | الفرع الرئيسي | Date last seen | نوع المادة فى نظام كوها | مصدر التصنيف او خطة الترفيف | Total Checkouts | Total Renewals | Date last checked out |
|---|---|---|---|---|---|---|---|---|---|---|---|---|---|---|---|---|
| 2014-05-15 | 808.042 KPS | 1 | 2014-05-15 | دار العرب | مكتبة كلية التمريض - طالبات (CNF) | 00210732 | مكتبة كلية التمريض - طالبات (CNF) | 2021-10-13 | كتاب | Dewey Decimal Classification | 1 | 1 | 2015-09-16 | |||
| 2014-05-15 | Not For Loan | 808.042 KPS | 2 | 2014-05-15 | دار العرب | مكتبة كلية التمريض - طالبات (CNF) | 00210731 | مكتبة كلية التمريض - طالبات (CNF) | 2014-05-15 | كتاب | Dewey Decimal Classification | |||||
| 2014-05-15 | Not For Loan | 808.042 KPS | 1 | 2014-05-15 | دار العرب | مكتبة كلية التمريض - طلاب (CNM) | 00210730 | مكتبة كلية التمريض - طلاب (CNM) | 2014-05-15 | كتاب | Dewey Decimal Classification | |||||
| 2014-05-15 | 808.042 KPS | 2 | 2014-05-15 | دار العرب | مكتبة كلية التمريض - طلاب (CNM) | 00210729 | مكتبة كلية التمريض - طلاب (CNM) | 2014-05-15 | كتاب | Dewey Decimal Classification |
